Towards a sustainable private rented sector (Record no. 113160)

MARC details
000 -LEADER
fixed length control field 01589cad a22003135a 4500
001 - CONTROL NUMBER
control field L154796
008 - FIXED-LENGTH DATA ELEMENTS--GENERAL INFORMATION
fixed length control field 120119s2011 xxk f 000 0 eng d
020 ## - INTERNATIONAL STANDARD BOOK NUMBER
International Standard Book Number 9780853284666
035 ## - SYSTEM CONTROL NUMBER
System control number (Sirsi) u154796
041 0# - LANGUAGE CODE
Language code of text/sound track or separate title eng
100 1# - MAIN ENTRY--PERSONAL NAME
Personal name Scanlon, Kath
245 00 - TITLE STATEMENT
Title Towards a sustainable private rented sector
Remainder of title the lessons learnt from other countries
Medium [electronic resource]
260 ## - PUBLICATION, DISTRIBUTION, ETC.
Place of publication, distribution, etc. London
Name of publisher, distributor, etc. LSE
Date of publication, distribution, etc. 2011
505 2# - FORMATTED CONTENTS NOTE
Formatted contents note Introduction-- The need for a sustainable private rented sector--Private renting in other countries--The private rented sector in Germany--The private rented sector in the Netherlands--The private rented sector in the United States--The private rented sector in Denmark--The private rented sector in Ireland--The private rented sector in France-conclusions --The implications for the UK
520 ## - SUMMARY, ETC.
Summary, etc. Outlines the findings of a series of seminars held at the London School of Economics looking at sustainability issues in the private rented sector in the UK, Germany, Netherlands, United States, Denmark, Ireland and France.
590 ## - LOCAL NOTE (RLIN)
Local note KA
651 #4 - SUBJECT ADDED ENTRY--GEOGRAPHIC NAME
Geographic name United Kingdom
651 ## - SUBJECT ADDED ENTRY--GEOGRAPHIC NAME
Geographic name Germany
Chronological subdivision 1990-
651 #4 - SUBJECT ADDED ENTRY--GEOGRAPHIC NAME
Geographic name Netherlands
651 #4 - SUBJECT ADDED ENTRY--GEOGRAPHIC NAME
Geographic name United States
Chronological subdivision 1959-
651 #4 - SUBJECT ADDED ENTRY--GEOGRAPHIC NAME
Geographic name Denmark
651 ## - SUBJECT ADDED ENTRY--GEOGRAPHIC NAME
Geographic name Ireland (Island of)
651 #4 - SUBJECT ADDED ENTRY--GEOGRAPHIC NAME
Geographic name France
690 ## - LOCAL SUBJECT ADDED ENTRY--TOPICAL TERM (OCLC, RLIN)
Topical term or geographic name as entry element Residential property
9 (RLIN) 6266
690 ## - LOCAL SUBJECT ADDED ENTRY--TOPICAL TERM (OCLC, RLIN)
Topical term or geographic name as entry element Sustainability
9 (RLIN) 6271
700 1# - ADDED ENTRY--PERSONAL NAME
Personal name Kochan, Ben
856 40 - ELECTRONIC LOCATION AND ACCESS
Uniform Resource Identifier <a href="https://www2.lse.ac.uk/geographyAndEnvironment/research/london/events/HEIF/HEIF4b_10-11%20-newlondonenv/prslaunch/Book.pdf">https://www2.lse.ac.uk/geographyAndEnvironment/research/london/events/HEIF/HEIF4b_10-11%20-newlondonenv/prslaunch/Book.pdf</a>
Public note View the item free of charge at www.www2.lse.ac.uk
942 ## - ADDED ENTRY ELEMENTS (KOHA)
Suppress in OPAC 0
Holdings
Withdrawn status Lost status Source of classification or shelving scheme Damaged status Not for loan Home library Current library Shelving location Date acquired Total Checkouts Full call number Barcode Date last seen Copy number Price effective from Koha item type
    Dewey Decimal Classification     Virtual Virtual Online 19/01/2012   ONLINE PUBLICATION 154796-2001 06/08/2019 1 06/08/2019 Book